| 000 -LEADER |
| fixed length control field |
00671nam a22002177a 4500 |
| 008 - FIXED-LENGTH DATA ELEMENTS--GENERAL INFORMATION |
| fixed length control field |
150330b xxu||||| |||| 00| 0 eng d |
| 020 ## - INTERNATIONAL STANDARD BOOK NUMBER |
| International Standard Book Number |
9780071601436 |
| 041 0# - LANGUAGE CODE |
| Language code of text/sound track or separate title |
eng |
| 080 ## - UNIVERSAL DECIMAL CLASSIFICATION NUMBER |
| Universal Decimal Classification number |
005 |
| 100 ## - Rafti |
| Rafti |
Harts, Doug. |
| 245 10 - TITLE STATEMENT |
| Title |
Microsoft SQL Server 2008 R2 analytics & data visualization / |
| Statement of responsibility, etc |
Doug Harts, Jim Dugan, Tricia Wilcox Almas. |
| 246 30 - VARYING FORM OF TITLE |
| Title proper/short title |
R2 analytics & data visualization |
| 260 ## - |
| -- |
New York : |
| -- |
McGraw-Hill, |
| -- |
2011. |
| 300 ## - |
| -- |
545 f.: |
| -- |
me il.; |
| -- |
24 cm. |
| 505 ## - |
| -- |
Index: f.529-545 |
| 650 #0 - |
| -- |
Të dhënat e minierave |
| 650 #0 - |
| -- |
Gjuha programuese |
| 700 1# - |
| -- |
Dugan, Jim |
| -- |
(Jim L.) |
| 700 1# - |
| -- |
Almas, Tricia Wilcox. |
| 942 ## - ADDED ENTRY ELEMENTS (KOHA) |
| Source of classification or shelving scheme |
|
| Item type |
Books |